[Event "UOP-Kings"]
[Site "?"]
[Date "2011.01.20"]
[Round "?"]
[White "Lechnick, Jay"]
[Black "Wallach, Cliff"]
[Result "0-1"]
[WhiteElo "1641"]
[BlackElo "1955"]
[PlyCount "88"]

1. e4 c5 2. Nf3 g6 3. d4 cxd4 4. Nxd4 Bg7 5. c4 Nc6 6. Be3 Nf6 7. Nc3 Ng4 8.
Qxg4 Nxd4 9. Bxd4 Bxd4 10. Qf3 Qa5 11. Be2 Bxc3+ 12. Qxc3 Qxc3+ 13. bxc3 b6 14.
O-O d6 15. Rfd1 Bb7 16. f3 O-O 17. Rd4 Rfc8 18. Rb1 Ba6 19. Kf2 Rc5 20. a3 Rac8
21. Rb4 Ra5 22. a4 Rac5 23. Rd5 Kf8 24. Rxc5 Rxc5 25. f4 Ke8 26. Ke3 Kd7 27.
Kd3 d5 28. exd5 Rxd5+ 29. Ke3 Rc5 30. Kd4 Bb7 31. g3 Bc6 32. Bd1 Ra5 33. Kd3
Kd6 34. Ke3 e5 35. g4 h6 36. h4 exf4+ 37. Kxf4 g5+ 38. Kg3 Re5 39. hxg5 hxg5
40. Kf2 Kc5 41. Be2 a5 42. Rb1 Bxa4 43. Kf3 Bc6+ 44. Kf2 Re4 0-1

[Event "Kings-UOP"]
[Site "?"]
[Date "2011.01.20"]
[Round "?"]
[White "Piparia, Jankesh"]
[Black "Olsen, Art"]
[Result "1-0"]
[WhiteElo "1921"]
[BlackElo "1513"]
[PlyCount "69"]

1. e4 c5 2. Nf3 Nc6 3. d4 d5 4. exd5 Qxd5 5. Nc3 Qd8 6. d5 Nb8 7. Bf4 a6 8. Qe2
Nf6 9. O-O-O Nbd7 10. Ng5 h6 11. Ne6 fxe6 12. dxe6 Qb6 13. exd7+ Bxd7 14. Rd6
Qa7 15. Qe5 Bc6 16. Bd3 Nd7 17. Rxd7 Qb8 18. Qh5+ Kxd7 19. Bxb8 Rxb8 20. Qxc5
e6 21. Qd4+ Ke7 22. Rd1 b5 23. Qc5+ Kf7 24. Qxc6 Be7 25. Re1 Bg5+ 26. Kb1 Rhe8
27. Qxa6 Kg8 28. Rxe6 Rf8 29. f3 Bf6 30. Ne4 Rfe8 31. Rxe8+ Rxe8 32. Qxb5 Kf8
33. a4 Be5 34. Bc4 Bxh2 35. Qd5 1-0

[Event "UOP-Kings"]
[Site "?"]
[Date "2011.01.20"]
[Round "?"]
[White "Schwanbeck, Steve"]
[Black "Cygan, Joe"]
[Result "0-1"]
[WhiteElo "1583"]
[BlackElo "1783"]
[Annotator "Friske,Tom"]
[PlyCount "46"]

1. f4 Nf6 2. Nf3 d6 3. e3 Bf5 4. b4 Nbd7 5. Bb2 h6 6. Be2 e6 7. O-O Be7 8. Nh4
Bh7 9. d3 Nd5 10. Bxg7 Rg8 11. Bxh6 Bxh4 12. f5 Qf6 13. fxe6 Qxe6 14. Bh5 Bg6
15. Bg4 f5 16. Bxf5 Bxf5 17. Qh5+ Qg6 {idea Qxg2#} 18. Qxg6+ Bxg6 19. Na3 O-O-O
20. Rab1 Rde8 21. Rf3 Ne5 22. Rh3 Bf5 {WHITE RESIGNED} 23. Rxh4 Nf3+ 0-1

[Event "Kings-UOP"]
[Site "?"]
[Date "2011.01.20"]
[Round "?"]
[White "Rabinovich, Eugene"]
[Black "Ramos, J."]
[Result "1-0"]
[WhiteElo "1454"]
[BlackElo "1125"]
[Annotator "Friske,Tom"]
[PlyCount "119"]

1. e4 e5 2. Nf3 Nf6 3. Nc3 d6 4. Bc4 Be6 5. Bxe6 fxe6 6. d3 Be7 7. Bd2 Nc6 8.
O-O h6 9. Nh4 g5 10. Ng6 Rg8 11. Nxe7 Qxe7 12. Be3 a6 13. Qf3 O-O-O 14. a3 Rdf8
15. Qh3 h5 16. Nd5 Nxd5 17. exd5 Nd8 18. dxe6 h4 19. Qg4 Qxe6 20. Qxe6+ Nxe6
21. g3 Kd7 22. Rae1 c5 23. gxh4 gxh4+ 24. Kh1 Rg6 25. Rg1 Rfg8 26. Rxg6 Rxg6
27. Rg1 Rxg1+ 28. Kxg1 Nf8 29. Bg5 h3 30. f4 exf4 31. Bxf4 Ne6 32. Bd2 Nd4 33.
Kf2 Nxc2 34. Kg3 Nd4 35. Kxh3 Ke6 36. Kg4 d5 37. Be3 Nb3 38. h4 d4 39. Bf4 b5
40. Kg5 Kf7 41. Kh6 c4 42. dxc4 bxc4 43. h5 d3 44. Kg5 d2 45. Bxd2 Nxd2 46. h6
Nb1 47. Kf4 Nxa3 48. bxa3 c3 49. Ke3 Kg6 50. Kd3 c2 51. Kxc2 Kxh6 52. Kc3 Kg6
53. Kc4 Kf6 54. Kc5 Ke6 55. Kb6 a5 $4 (55... Kd6 56. Kxa6 Kc7 (56... Kc6 $144
57. a4 Kc7 58. Ka7 Kc8 59. a5 Kc7 60. a6 Kc8 61. Ka8 Kc7 62. a7 Kc8 $11) 57.
Ka7 Kc8 58. a4 (58. Kb6 Kb8) 58... Kc7 59. a5 Kc8 60. a6 Kc7 61. Ka8 Kc8 62. a7
Kc7 $11) 56. Kxa5 Kd6 57. Kb6 Kd7 58. Kb7 Kd6 59. a4 Kc5 60. a5 1-0

[Event "UOP-Kings"]
[Site "?"]
[Date "2011.01.20"]
[Round "?"]
[White "Ramirez, Arthur"]
[Black "Goncharoff, Nik"]
[Result "0-1"]
[WhiteElo "1080"]
[BlackElo "1540"]
[Annotator "Friske,Tom"]
[PlyCount "102"]

1. e4 e5 2. Nc3 Nf6 3. d3 Be7 4. Nf3 d6 5. Be2 O-O 6. a3 Nc6 7. Be3 Ng4 8. Bd2
h6 9. g3 Nf6 10. h3 Nh7 11. Bf1 Be6 12. Ne2 Bf6 13. Bg2 Rb8 14. c3 a6 15. Be3
b6 16. Qa4 Na5 17. c4 Bd7 18. Qb4 c5 19. Qd2 Nb3 20. Qd1 Nxa1 21. Qxa1 b5 22.
b3 bxc4 23. bxc4 Qa5+ 24. Bd2 Qb6 25. Nc3 Qb2 26. Ke2 Qxa1 27. Rxa1 Rb2 28. Nd1
Rb3 29. a4 Rfb8 30. Nc3 Bc6 31. Ne1 Nf8 32. Rc1 Ne6 33. Kf1 (33. Nc2 Nd4+ 34.
Nxd4 cxd4 35. Nd5 Bxa4) 33... Nd4 34. Kg1 Rxc3 35. Bxc3 Ne2+ 36. Kh2 Nxc1 37.
Bd2 Nb3 38. Be3 Bxa4 39. Nf3 Bd7 40. g4 a5 41. h4 Bxg4 42. Ng1 Bxh4 43. f3 Be6
44. f4 exf4 45. Bxf4 Be7 46. e5 dxe5 47. Bxe5 Rd8 48. Be4 Bd6 49. Bxd6 Rxd6 50.
Nf3 a4 51. Ne1 Nd4 0-1

[Event "Excaliburs-UOP"]
[Site "?"]
[Date "2011.02.08"]
[Round "?"]
[White "Lee, David"]
[Black "Boldingh, Edwin"]
[Result "1/2-1/2"]
[WhiteElo "1883"]
[BlackElo "1902"]
[PlyCount "57"]

1. e4 d5 2. exd5 Nf6 3. c4 e6 4. dxe6 Bxe6 5. Nf3 Nc6 6. d4 Bb4+ 7. Nc3 Qe7 8.
Be3 O-O-O 9. Qa4 Ne4 10. O-O-O Bxc3 11. d5 Bb4 12. dxc6 Rxd1+ 13. Qxd1 Bc5 14.
cxb7+ Kb8 15. Ne5 Bxe3+ 16. fxe3 Qd6 17. Qd4 Nf2 18. Rg1 f6 19. Nd3 Qxh2 20. e4
Qxg1 21. Qxf2 Qxf2 22. Nxf2 Kxb7 23. b4 c6 24. Kd2 Rd8+ 25. Kc3 Bf7 26. Nd3 Kc7
27. Be2 Be6 28. Nc5 Bc8 29. Bf3 1/2-1/2

[Event "UOP-Excaliburs"]
[Site "?"]
[Date "2011.02.08"]
[Round "?"]
[White "Van Meer, John"]
[Black "Dowell, Earnest"]
[Result "1/2-1/2"]
[WhiteElo "1806"]
[BlackElo "1898"]
[Annotator "Friske,Tom"]
[PlyCount "79"]

1. d4 d5 2. g3 Nf6 3. Nh3 c5 4. e3 cxd4 5. exd4 Nc6 6. c3 Bf5 7. f3 h6 8. Nf2
e6 9. Bd3 Bxd3 10. Qxd3 Bd6 11. f4 Qc7 12. Nd2 a6 13. Nf3 b5 14. O-O O-O 15.
Ne5 Rfc8 16. Bd2 Qb6 17. Neg4 Nxg4 18. Nxg4 Ne7 19. Ne5 b4 20. Rf2 bxc3 21.
Bxc3 Qa7 22. g4 f6 23. Ng6 Nc6 24. Re1 Re8 25. Kg2 Qc7 26. h4 Nb4 27. Qb1 Qc4
28. Bxb4 Bxb4 29. Rd1 Rac8 30. b3 Qc7 31. Qd3 Qa7 32. Rc2 Kf7 33. h5 Bd6 34.
Rdc1 Rxc2+ 35. Rxc2 Qb6 36. Qc3 Qb8 37. Kg3 Rd8 (37... Bxf4+ 38. Nxf4 g5 39.
Qf3) 38. Qc6 Qa7 39. Qc3 Qb8 40. Qc6 1/2-1/2

[Event "Excaliburs-UOP"]
[Site "?"]
[Date "2011.02.08"]
[Round "?"]
[White "Engelen, Mark"]
[Black "Easton, Richard"]
[Result "0-1"]
[WhiteElo "1756"]
[BlackElo "1823"]
[Annotator "Friske,Tom"]
[PlyCount "39"]

1. Nf3 d5 2. g3 Nf6 3. Bg2 Bg4 4. O-O e6 5. d3 c6 6. Nbd2 Nbd7 7. e4 Ne5 8. Re1
Nxf3+ 9. Bxf3 Bxf3 10. Qxf3 dxe4 11. dxe4 Be7 12. Nc4 b5 13. Ne5 Qc7 14. Bf4
Bd6 15. Nxf7 Kxf7 16. e5 Bxe5 17. Bxe5 Qb6 18. Rad1 Rae8 19. g4 h6 20. h4 {in
time trouble, no score recorded.  White apparently flagged} 0-1

[Event "UOP-Excaliburs"]
[Site "?"]
[Date "2011.02.08"]
[Round "?"]
[White "Olsen, Art"]
[Black "Weitz, Ron"]
[Result "1/2-1/2"]
[WhiteElo "1513"]
[BlackElo "1593"]
[PlyCount "72"]

1. e4 c5 2. Nf3 d6 3. Bc4 Nc6 4. Nc3 Nf6 5. d3 g6 6. O-O Bg7 7. Re1 Ne5 8. Bb3
O-O 9. Bf4 Bg4 10. Bxe5 dxe5 11. Nd5 e6 12. Nxf6+ Bxf6 13. h3 Bxf3 14. Qxf3 a6
15. a4 Bg7 16. c3 Kh8 17. Qe3 Qe7 18. c4 f5 19. Bd1 f4 20. Qf3 Rad8 21. Be2 Qd6
22. Rab1 Qe7 23. b3 Rd6 24. Red1 Qd7 25. Rb2 b5 26. axb5 axb5 27. cxb5 Rd4 28.
Ra1 Qxb5 29. Qg4 Re8 30. Qg5 Qb4 31. Kh2 Qb7 32. Ra5 Qb6 33. Rba2 Rdd8 34. R2a3
Rf8 35. Ra6 Qb4 36. Qe7 Rc8 1/2-1/2

[Event "Excalburs-UOP"]
[Site "?"]
[Date "2011.02.08"]
[Round "?"]
[White "Vigants, Al"]
[Black "Schwanbeck, Steve"]
[Result "0-1"]
[WhiteElo "1549"]
[BlackElo "1583"]
[PlyCount "70"]

1. d4 Nf6 2. Nf3 g6 3. c4 d5 4. Nc3 Bg7 5. h3 Nc6 6. e3 O-O 7. Be2 dxc4 8. Bxc4
Nd7 9. O-O Nb6 10. Be2 Bd7 11. b3 Re8 12. Bb2 e5 13. d5 Ne7 14. e4 f5 15. d6
cxd6 16. Qxd6 Nc6 17. Rfd1 Nd4 18. Qc5 Bf8 19. Bc4+ Kg7 20. Qa5 Nc6 21. Bb5
Nxa5 22. Na4 Nc6 23. exf5 Kf6 24. fxg6 Kxg6 25. Nc3 Bh6 26. Ne4 Kg7 27. Nd6 Rf8
28. Nxb7 Qe7 29. Nd6 Rxf3 30. Ne4 Rf4 31. f3 Raf8 32. a4 Rxe4 33. fxe4 Bxh3 34.
Bf1 Qg5 35. Bc1 Rxf1+ 0-1

[Event "UOP-Excaliburs"]
[Site "?"]
[Date "2011.02.08"]
[Round "?"]
[White "Ramos, John"]
[Black "Reid, Carl"]
[Result "0-1"]
[WhiteElo "1125"]
[BlackElo "1504"]
[Annotator "Friske,Tom"]
[PlyCount "96"]

1. e4 c5 2. Nf3 d6 3. Nc3 Nc6 4. Bb5 a6 5. Bxc6+ bxc6 6. d3 Nf6 7. Be3 g6 8.
O-O Bg7 9. h3 O-O 10. Re1 Bd7 11. Rb1 Qc8 12. Kh2 Be6 13. Ng5 Bd7 14. Ne2 Rb8
15. c3 Be6 16. Nxe6 Qxe6 17. a3 Nh5 18. Nf4 Nxf4 19. Bxf4 Qd7 20. Qd2 Rfe8 21.
Bg3 Qe6 22. f3 Qd7 23. Bf2 e5 24. Kg1 Rf8 25. Qe2 Bh6 26. Red1 f5 27. exf5 Rxf5
28. d4 exd4 29. cxd4 Re8 30. Qxa6 Be3 31. dxc5 Bxf2+ 32. Kxf2 d5 33. Qd3 Qe7
34. Rd2 Re5 35. b4 Qh4+ (35... Re1 36. Rbb2 (36. Rdd1 Re2+) (36. Rxe1 Qxe1#)
36... Rf1+ 37. Kg3 (37. Kxf1 Qe1#) 37... Qe5+ (37... Qg5+ 38. Kh2) 38. Kh4 g5+
39. Kh5) 36. Kg1 Re1+ 37. Rxe1 Rxe1+ 38. Kh2 Qf4+ 39. g3 Qe5 40. Ra2 Re3 41. f4
Qe6 42. Qd2 Qe4 43. a4 Re1 44. Qg2 Qxb4 45. Qd2 Qb1 46. g4 Rh1+ 47. Kg3 Qb3+
48. Kf2 (48. Kg2 Qxh3+) 48... Rh2+ 0-1

[Event "Gambits-UOP"]
[Site "?"]
[Date "2011.03.30"]
[Round "?"]
[White "Ghaibeh, Ayman"]
[Black "Lechnick, Jay"]
[Result "1-0"]
[WhiteElo "1705"]
[BlackElo "1641"]
[Annotator "Friske,Tom"]
[PlyCount "79"]

1. e4 e6 2. d4 d5 3. exd5 exd5 4. Nf3 Nf6 5. Bd3 Nc6 6. O-O h6 7. Re1+ Be6 8.
c3 Qd7 9. Bf4 Bd6 10. Bxd6 Qxd6 11. Nbd2 O-O-O 12. Ne5 Nd7 13. Ndf3 Ncxe5 14.
Nxe5 Nxe5 15. Rxe5 Kb8 16. Qc2 Rhe8 17. Rae1 Bd7 18. Bf5 Rxe5 19. dxe5 Qf8 20.
Qd3 c6 21. b4 Bxf5 22. Qxf5 g6 23. Qf6 Re8 24. f4 (24. e6 $1 fxe6 (24... Rxe6
$4 25. Rxe6) 25. Qxf8 Rxf8 26. Rxe6 Rg8 27. f4 {White is close to a win}) 24...
Re6 25. Qh4 a6 26. Qf2 Qd8 27. a4 Qd7 28. f5 gxf5 29. Qxf5 Qe7 30. Qh7 f6 31.
Qxh6 fxe5 32. Qh8+ Kc7 33. Rf1 c5 34. Qg8 Kb6 35. Rf7 Qe8 36. a5+ (36. Qxe8
Rxe8 37. Rf6+ Kc7 38. bxc5) 36... Kc6 37. Rf8 Qe7 38. Rc8+ Kd6 39. Rxc5 d4 40.
Qb8+ 1-0

[Event "UOP-Gambits"]
[Site "?"]
[Date "2011.03.30"]
[Round "?"]
[White "Schwanbeck, Steve"]
[Black "Moore, Adam"]
[Result "1-0"]
[WhiteElo "1583"]
[BlackElo "1420"]
[PlyCount "59"]

1. f4 d5 2. Nf3 Nf6 3. e3 Bf5 4. Be2 g6 5. b4 Bg7 6. Bb2 O-O 7. O-O Nc6 8. b5
Nh5 9. Bxg7 Nb4 10. Nd4 Nxg7 11. Nxf5 Nxf5 12. a3 e6 13. axb4 Qf6 14. Nc3 d4
15. Ne4 Qh4 16. Qe1 Qxe1 17. Rfxe1 dxe3 18. c3 exd2 19. Nxd2 Rad8 20. Nc4 Nd6
21. Nxd6 Rxd6 22. Rxa7 b6 23. Rxc7 Rfd8 24. c4 Rd4 25. c5 Rxf4 26. cxb6 Re4 27.
b7 Rf8 28. Rc8 Rd4 29. b8=Q Rxc8 30. Qxc8+ 1-0

[Event "Gambits-UOP"]
[Site "?"]
[Date "2011.03.30"]
[Round "?"]
[White "Stiles, Jay"]
[Black "Olsen, Art"]
[Result "0-1"]
[WhiteElo "1239"]
[BlackElo "1513"]
[PlyCount "86"]

1. e4 e5 2. Nf3 d5 3. Nc3 d4 4. Nxe5 dxc3 5. dxc3 Qxd1+ 6. Kxd1 Bd6 7. Bf4 f6
8. Nd3 Bxf4 9. Nxf4 Ne7 10. Bc4 Nbc6 11. Ke2 Ne5 12. Ne6 Bxe6 13. Bxe6 Rd8 14.
Rad1 N7c6 15. f4 Ng6 16. f5 Nf4+ 17. Kf3 Nxe6 18. fxe6 Ke7 19. Rd7+ Rxd7 20.
exd7 Kxd7 21. Rd1+ Kc8 22. Kf4 Rd8 23. Rxd8+ Kxd8 24. g4 Ke7 25. h4 Ke6 26. g5
Ne5 27. gxf6 gxf6 28. h5 Nc4 29. b3 Na3 30. c4 Nxc2 31. a4 a5 32. c5 Na1 33. c6
b6 34. b4 axb4 35. a5 bxa5 36. h6 b3 37. e5 b2 38. exf6 Kxf6 39. Kg4 b1=Q 40.
Kh5 Qg1 41. Kh4 Kf5 42. Kh3 Kf4 43. Kh4 Qg4# 0-1

[Event "UOP-Gambits"]
[Site "?"]
[Date "2011.03.30"]
[Round "?"]
[White "Ramos, John"]
[Black "Mosley, Andy"]
[Result "0-1"]
[WhiteElo "1125"]
[BlackElo "1048"]
[Annotator "Friske,Tom"]
[PlyCount "84"]

1. b4 e5 2. Bb2 d6 3. d4 Nc6 4. dxe5 Nxe5 5. Bxe5 dxe5 6. Qxd8+ Kxd8 7. a3 Nf6
8. Nf3 Bd6 9. e3 Be6 10. Be2 e4 11. Nd4 Be5 12. Nxe6+ fxe6 13. c3 Nd5 14. Kd2
Ke7 15. Ra2 Rad8 16. Kc2 Rhf8 17. Rf1 Bxh2 18. c4 (18. g3) 18... Nb6 19. g3 h5
20. Nc3 Nd7 21. Nxe4 Nf6 22. Nxf6 Rxf6 23. Kc1 g5 24. Rd2 Rdf8 25. Bd3 Bxg3 26.
f3 Rxf3 27. Rxf3 Rxf3 28. Be2 Rxe3 29. Bxh5 Rxa3 30. Re2 Rc3+ 31. Kb2 Rxc4 32.
Kb3 Rh4 33. Bg6 e5 34. b5 Kd6 35. Be4 Kc5 36. Bxb7 Rb4+ 37. Ka3 Rxb5 38. Rc2+
Kd4 39. Rxc7 e4 40. Rd7+ Kc3 41. Ka4 Rb1 42. Rc7+ Bxc7 0-1

[Event "DRW-BCBS"]
[Site "?"]
[Date "2011.04.14"]
[Round "?"]
[White "Hayhurst, Lyle"]
[Black "Khan, M."]
[Result "1-0"]
[WhiteElo "1931"]
[BlackElo "1811"]
[PlyCount "79"]

1. e4 e5 2. f4 exf4 3. Nf3 d6 4. d4 g5 5. Bc4 Nc6 6. O-O Bg4 7. c3 Qe7 8. Nbd2
O-O-O 9. Qa4 Kb8 10. b4 Re8 11. b5 Nd8 12. Nxg5 Bd7 13. Ngf3 Nf6 14. e5 Ng4 15.
exd6 Qxd6 16. Bd3 f5 17. Nc4 Qd5 18. Bxf4 Ne6 19. Be5 Bxb5 20. Qb3 Rg8 21. Rab1
Bc6 22. Bxf5 Bd6 23. Nxd6 cxd6 24. Qxd5 Bxd5 25. Bxd6+ Ka8 26. Bxg4 Rxg4 27.
Rf2 Reg8 28. g3 b6 29. Be5 h5 30. Kf1 Bc4+ 31. Ke1 Re4+ 32. Kd1 Rf8 33. Rbb2
Re3 34. Ne1 Rd8 35. Bf6 Rd7 36. Kd2 Re4 37. Nd3 Rf7 38. Ne5 Rxf6 39. Rxf6 Re2+
40. Kd1 1-0

[Event "BCBS-DRW"]
[Site "?"]
[Date "2011.04.14"]
[Round "?"]
[White "Mata, Santiago"]
[Black "Gorodetsky, Eugene"]
[Result "1/2-1/2"]
[WhiteElo "1488"]
[BlackElo "1824"]
[PlyCount "70"]

1. e4 e5 2. Nf3 Nc6 3. Bb5 d6 4. d4 exd4 5. Nxd4 Bd7 6. Nxc6 bxc6 7. Bc4 Nf6 8.
Nc3 Be6 9. Qd3 Qd7 10. O-O d5 11. Bb3 Bb4 12. Ba4 a5 13. exd5 Nxd5 14. Nxd5
Qxd5 15. Qxd5 Bxd5 16. Bf4 O-O-O 17. Rfd1 Kb7 18. a3 Bd6 19. Be3 Rhe8 20. Rac1
Re4 21. Rd4 Rde8 22. c3 Bf4 23. Rxe4 Rxe4 24. Bxf4 Rxa4 25. Be3 Re4 26. Re1 Ka6
27. f3 Re6 28. Kf2 Kb5 29. Bf4 Kc4 30. Rxe6 Bxe6 31. Bxc7 a4 32. Ba5 Kb3 33.
Bb4 Kxb2 34. Ke3 g6 35. Kd4 Kb3 1/2-1/2

[Event "DRW-BCBS"]
[Site "?"]
[Date "2011.04.14"]
[Round "?"]
[White "Komblevitz, Adam"]
[Black "Burgess, Aaron"]
[Result "0-1"]
[WhiteElo "1078"]
[BlackElo "1495"]
[PlyCount "64"]

1. e4 c5 2. Nf3 d6 3. d4 cxd4 4. Nxd4 Nf6 5. Nc3 e6 6. Bb5+ Bd7 7. O-O a6 8.
Bc4 Nc6 9. Bg5 Be7 10. Re1 Qb6 11. Nb3 Rc8 12. Be3 Qc7 13. Be2 Ne5 14. f4 Ng6
15. Rc1 Bc6 16. Bf3 Rd8 17. Qe2 O-O 18. Rcd1 d5 19. e5 Nd7 20. Nd4 Bb4 21. Nxc6
Bxc3 22. Nxd8 Bxe1 23. Nxe6 fxe6 24. Rxe1 Nxf4 25. Bxf4 Rxf4 26. Qd2 Rc4 27.
Bxd5 Qc5+ 28. Re3 exd5 29. e6 Nf6 30. c3 Re4 31. Qd4 Qxd4 32. cxd4 Rxe3 0-1

[Event "BCBS-DRW"]
[Site "?"]
[Date "2011.04.14"]
[Round "?"]
[White "Pettis, Derrick"]
[Black "Miller, Oren"]
[Result "1-0"]
[WhiteElo "1223"]
[BlackElo "877"]
[PlyCount "104"]

1. Nf3 d5 2. e3 Nf6 3. h3 e6 4. Be2 g6 5. Nc3 c5 6. O-O Nc6 7. d4 c4 8. b3 b5
9. Nxb5 a6 10. Nc3 Bb4 11. Na4 Rb8 12. a3 Bd6 13. Nc5 Qc7 14. g3 e5 15. dxe5
Bxh3 16. Nxa6 Qc8 17. Nxb8 Bxf1 18. Bxf1 Qxb8 19. exf6 Ne5 20. Nxe5 Bxe5 21.
Rb1 O-O 22. Bb2 Rd8 23. f4 Bxb2 24. Rxb2 Qd6 25. b4 Qxf6 26. Qd4 Qa6 27. Ra2
Qe6 28. Bg2 Qg4 29. c3 Qxg3 30. Qb6 Qe1+ 31. Kh2 Re8 32. Bxd5 Rxe3 33. Bxf7+
Kxf7 34. Qa7+ Kf6 35. Qb6+ Kf5 36. Qc5+ Kxf4 37. Qf8+ Kg4 38. Rg2+ Kh5 39. Qc5+
Re5 40. Qf2 Qxf2 41. Rxf2 Kh6 42. a4 Re3 43. Rc2 g5 44. b5 g4 45. b6 Re6 46.
Rb2 Re8 47. b7 Rb8 48. a5 Kh5 49. a6 Rf8 50. b8=Q Rf3 51. Qe5+ Kh4 52. Qe7+ Kh5
1-0

[Event "JJCCC-Tyros"]
[Site "?"]
[Date "2011.04.14"]
[Round "?"]
[White "Abernathy, Jonathan William"]
[Black "Diaz, Pablo"]
[Result "1-0"]
[WhiteElo "1560"]
[BlackElo "1982"]
[PlyCount "51"]

1. e4 c5 2. Nf3 e6 3. d4 cxd4 4. Nxd4 Nf6 5. Nc3 Bb4 6. Bg5 Qa5 7. Bd2 Qe5 8.
Nf3 Qc7 9. Nb5 Bxd2+ 10. Qxd2 Qb6 11. Nd6+ Ke7 12. e5 Qxb2 13. exf6+ gxf6 14.
Rd1 a6 15. Bc4 Qb6 16. O-O Qc5 17. Bb3 b5 18. Rfe1 Ra7 19. Nh4 h5 20. Nhf5+ Kf8
21. Nh6 Rh7 22. Nhxf7 Rxf7 23. Qh6+ Ke7 24. Qh8 Qxd6 25. Rxd6 Rc7 26. Rexe6+
1-0

[Event "Tyros-JJCCC"]
[Site "?"]
[Date "2011.04.14"]
[Round "?"]
[White "Dobrovolny, Chuck"]
[Black "Bruce, Ken"]
[Result "1-0"]
[WhiteElo "1715"]
[BlackElo "1451"]
[PlyCount "73"]

1. e4 e5 2. f4 exf4 3. Nf3 Be7 4. Bc4 Bh4+ 5. Kf1 Nc6 6. d4 Bg5 7. Nxg5 Qxg5 8.
g3 Qg6 9. Bxf4 Qxe4 10. Kf2 Nge7 11. c3 O-O 12. Re1 Qf5 13. Bd3 Qh3 14. Kg1 d6
15. Bf1 Qf5 16. Bd3 Qg4 17. Be2 Qg6 18. Bh5 Qf5 19. Rf1 Qd5 20. Bf3 Qf5 21. Nd2
Ng6 22. Be4 Qb5 23. Qc2 Bh3 24. Bd3 Qh5 25. Rf2 Nxf4 26. Rxf4 g6 27. Rh4 Qg5
28. Rxh3 f5 29. Bc4+ Kh8 30. Nf3 Qe3+ 31. Qf2 Qe7 32. Re1 Qf6 33. Re6 Qg7 34.
Qe3 h5 35. Nh4 Rf6 36. Rxf6 Qxf6 37. Qh6# 1-0

[Event "JJCCC-Tyros"]
[Site "?"]
[Date "2011.04.14"]
[Round "?"]
[White "Thompson, Gregory"]
[Black "Hahne, Dave"]
[Result "0-1"]
[WhiteElo "1169"]
[BlackElo "1637"]
[PlyCount "108"]

1. e4 c6 2. d4 d5 3. e5 Bf5 4. Bd3 Bxd3 5. Qxd3 Qa5+ 6. Bd2 Qa6 7. Qg3 e6 8.
Nf3 Ne7 9. Nc3 Nf5 10. Qg4 h5 11. Qh3 c5 12. Nxd5 exd5 13. Qxf5 Nc6 14. Ng5 Nd8
15. c3 cxd4 16. cxd4 Be7 17. Nf3 g6 18. Qc2 Ne6 19. g3 O-O 20. Bh6 Rfd8 21. h4
Rac8 22. Qb3 Rc4 23. O-O Nxd4 24. Nxd4 Rxd4 25. Rfe1 Rd3 26. Qc2 Qc4 27. Qxc4
dxc4 28. Re4 b5 29. a4 a6 30. axb5 Rd1+ 31. Rxd1 Rxd1+ 32. Kg2 axb5 33. Re2 Rd3
34. Rd2 Rxd2 35. Bxd2 Bc5 36. f4 Kf8 37. Kf3 Bd4 38. Bc1 Ke7 39. Ke4 Bf2 40.
Kf3 Be1 41. Be3 Ke6 42. Bf2 Bxf2 43. Kxf2 Kf5 44. Kf3 b4 45. Ke3 Kg4 46. Kd4 c3
47. bxc3 bxc3 48. Kxc3 Kxg3 49. Kd4 Kxf4 50. Kd5 g5 51. hxg5 Kxg5 52. Ke4 Kg4
53. Ke3 Kg3 54. Ke2 Kg2 0-1

[Event "Tyros-JJCCC"]
[Site "?"]
[Date "2011.04.14"]
[Round "?"]
[White "Kuruvilla, Eapen"]
[Black "Ledford, Jeremiah"]
[Result "1-0"]
[WhiteElo "1350"]
[BlackElo "1177"]
[Annotator "Friske,Tom"]
[PlyCount "55"]

1. c4 Nc6 2. Nc3 Nf6 3. g3 e5 4. Bg2 Nb4 5. a3 Nc6 6. Nf3 d6 7. O-O Be6 8. d3
d5 9. cxd5 Nxd5 10. Ng5 Nxc3 11. bxc3 Qd7 12. Nxe6 Qxe6 13. Qa4 Be7 14. d4 exd4
15. cxd4 Qd7 16. Bb2 Bf6 17. Rab1 Bxd4 18. Bxd4 Qxd4 (18... Nxd4) 19. Bxc6+
bxc6 20. Qxd4 O-O 21. Rfd1 h6 22. Qc5 Rfe8 23. Qxc6 Rac8 24. e3 Re6 25. Qd7
Rce8 26. Rb7 c5 27. Qxf7+ Kh8 28. Qxg7# 1-0

[Event "JJCCC-Tyros"]
[Site "?"]
[Date "2011.04.14"]
[Round "?"]
[White "Marchert, Jim"]
[Black "McPhail, Gene"]
[Result "0-1"]
[WhiteElo "1004"]
[BlackElo "1482"]
[PlyCount "114"]

1. e4 c5 2. f4 e6 3. Nf3 Nc6 4. Bb5 a6 5. Ba4 b5 6. Bb3 c4 7. Bxc4 bxc4 8. d3
cxd3 9. cxd3 Qa5+ 10. Bd2 Bb4 11. Nc3 Qb6 12. Na4 Bxd2+ 13. Nxd2 Qa7 14. Qg4 g6
15. Nc4 h5 16. Qg5 Nge7 17. Nab6 Rb8 18. Nd6+ Kf8 19. Qf6 Rh7 20. Nbc4 Ng8 21.
Qg5 a5 22. Rd1 Ba6 23. d4 Bxc4 24. Nxc4 d5 25. exd5 exd5 26. Qxd5 Nge7 27. Qe4
Qc7 28. O-O Nb4 29. a3 Qxc4 30. axb4 Qd5 31. Qxd5 Nxd5 32. bxa5 Ne3 33. Rb1
Nxf1 34. Kxf1 Rb3 35. Ke2 f5 36. Kd2 Ra7 37. Kc2 Rb5 38. b4 Ke7 39. Kb3 Kd6 40.
Kc4 Kc6 41. Rd1 Rab7 42. d5+ Kd6 43. a6 Rxb4+ 44. Kc3 Rb3+ 45. Kd2 Ra7 46. Re1
Re7 47. Rxe7 Kxe7 48. Ke2 Kd6 49. Kf2 Ra3 50. a7 Rxa7 51. Kg3 Ra4 52. Kf3 Kxd5
53. g3 Ra3+ 54. Kg2 Ke4 55. h4 Ra2+ 56. Kh3 Kf3 57. g4 fxg4# 0-1

[Event "Tyros-JJCCC"]
[Site "?"]
[Date "2011.04.14"]
[Round "?"]
[White "Byrne, Mike"]
[Black "Rainey, Ron"]
[Result "1/2-1/2"]
[WhiteElo "1316"]
[BlackElo "1105"]
[PlyCount "168"]

1. d4 e6 2. e4 d6 3. Nf3 b6 4. Bb5+ c6 5. Bd3 Ba6 6. Nc3 Bxd3 7. Qxd3 Nf6 8.
Bg5 Be7 9. O-O Ng4 10. Bxe7 Qxe7 11. h3 Nf6 12. a4 Nbd7 13. b4 e5 14. d5 c5 15.
bxc5 bxc5 16. Nb5 O-O 17. a5 Rfc8 18. c4 a6 19. Nc3 Nf8 20. Na4 N6d7 21. Rfb1
Rcb8 22. Rxb8 Rxb8 23. Rb1 Qd8 24. Rxb8 Qxb8 25. Qc3 Ng6 26. g3 Ne7 27. Kg2 f5
28. exf5 Nxf5 29. Nb2 Nf6 30. Ng5 Nd4 31. Na4 Qb1 32. Nf3 Nxf3 33. Qxf3 Qb4 34.
Nb6 Qxa5 35. Qb3 Ne4 36. Qb2 h6 37. Nc8 Qc7 38. Nb6 Ng5 39. h4 Ne4 40. Kf3 Nf6
41. g4 Qf7 42. Kg3 Ne4+ 43. Kg2 Qf4 44. Qe2 Nf6 45. f3 e4 46. Nc8 exf3+ 47.
Qxf3 Qxg4+ 48. Qxg4 Nxg4 49. Nxd6 Ne5 50. Nb7 Nxc4 51. Kg3 Kf7 52. Nxc5 a5 53.
Kf4 Ke7 54. Ke4 g6 55. Kd4 Nd6 56. Ke5 g5 57. hxg5 hxg5 58. Na4 Nf7+ 59. Ke4
Kd6 60. Nc3 g4 61. Kf4 Ne5 62. Ke4 Nd7 63. Nb5+ Kc5 64. Nd4 Nf6+ 65. Kd3 Kxd5
66. Nf5 a4 67. Kc3 Ke5 68. Ne3 Ne4+ 69. Kb4 g3 70. Kxa4 Nf2 71. Kb3 Kf4 72.
Ng2+ Kg4 73. Kc2 Nh3 74. Ne1 Nf4 75. Kd2 Kh3 76. Nf3 g2 77. Ke3 Kg3 78. Ng1 Nh3
79. Ne2+ Kh2 80. Ke4 Nf2+ 81. Kf3 Nh3 82. Ke3 Ng1 83. Nf4 Nh3 84. Nxg2 Kxg2
1/2-1/2

[Event "JJCCC"]
[Site "?"]
[Date "2011.04.14"]
[Round "?"]
[White "Shores, Britton"]
[Black "Craig, Sean"]
[Result "0-1"]
[WhiteElo "834"]
[BlackElo "1054"]
[Annotator "Friske,Tom"]
[PlyCount "56"]

1. e4 d6 2. d3 e5 3. Nc3 Nf6 4. Nf3 g6 5. Be2 Bg7 6. Be3 Nc6 7. b3 b6 8. a4 Bb7
9. Qc1 Ng4 10. Bg5 f6 11. Bh4 g5 12. g3 gxh4 13. gxh4 Nd4 14. Nd2 Nxe2 15. Nxe2
d5 16. Nf3 dxe4 17. dxe4 Bxe4 18. Neg1 Qd5 19. h3 Bh6 20. Qb1 Bxf3 21. Nxf3
Qxf3 22. Rg1 Qxf2+ 23. Kd1 Qxg1+ 24. Ke2 Qe3+ 25. Kf1 (25. Kd1 Qd2#) 25... Nh2+
(25... Qf2#) 26. Kg2 Rg8+ 27. Kxh2 Qg3+ 28. Kh1 Qg2# 0-1

[Event "Rooks-DGCC"]
[Site "?"]
[Date "2011.04.06"]
[Round "?"]
[White "Benedek, Roy"]
[Black "Klug, Steffen"]
[Result "1-0"]
[WhiteElo "2133"]
[BlackElo "2142"]
[PlyCount "111"]
[EventDate "2011.04.24"]

1. c4 Nf6 2. g3 g6 3. Bg2 Bg7 4. Nc3 O-O 5. d4 d6 6. Nf3 Nbd7 7. O-O e5 8. e4
c6 9. h3 Qe7 10. Be3 b6 11. Qc2 Bb7 12. Rfd1 Rfd8 13. Rd2 b5 14. dxe5 dxe5 15.
Rad1 b4 16. Na4 c5 17. Nxc5 Nxc5 18. Rxd8+ Rxd8 19. Rxd8+ Qxd8 20. Bxc5 Bxe4
21. Qb3 a5 22. Nxe5 Bxg2 23. Kxg2 Ne4 24. Qe3 Bxe5 25. Qxe4 Bxb2 26. Be3 a4 27.
Qc2 Qa8+ 28. Kh2 Bf6 29. c5 Qc6 30. Qc4 b3 31. axb3 a3 32. b4 Qa8 33. c6 Be5
34. c7 Bxc7 35. Qxc7 a2 36. Bd4 a1=Q 37. Bxa1 Qxa1 38. Qb8+ Kg7 39. Kg2 h5 40.
h4 Qd4 41. Qb7 g5 42. Qe7 Qd5+ 43. Kh2 gxh4 44. Qxh4 Qd2 45. Qf4 Qd5 46. Qe3 h4
47. gxh4 Kh7 48. Qf4 f5 49. h5 Kh8 50. Qh6+ Kg8 51. Qg6+ Kf8 52. h6 Qf3 53.
Qf6+ Ke8 54. Qe6+ Kf8 55. Qe3 Qd5 56. Qc5+ 1-0